Villes se faisant peindre - Statistiques

Statistiques générales
  • Ce quiz a été pris 31 003 fois
  • Le résultat moyen est 6 sur 10
Réponses sur la Carte
Les réponses sont colorées sur une échelle allant du rouge au vert en fonction du pourcentage des utilisateurs qui les ont devinées à leur premier essai. Vous pouvez retrouver ces pourcentages ci-dessous.
 
Statistiques - réponses
Réponse % Correct
Paris
100%
Sydney
94%
Rio de Janeiro
93%
Gizeh
90%
Dubaï
82%
Washington
78%
Seattle
35%
Singapour
33%
Florence
29%
Le Cap
9%
Aucun quiz correspondant
Distribution des résultats
% des personnes avec chaque résultat
Percentile par nombre de réponses
Votre historique - résultats
Vous n’avez pas pris ce quiz